| 000 | 00556nam a22001697a 4500 | ||
|---|---|---|---|
| 008 | 160531b xxu||||| |||| 00| 0 eng d | ||
| 020 | _a9715504639 | ||
| 082 |
_22004 _aDFil 320.959 _bAn2 |
||
| 100 |
_99702 _aAnderson, Benedict |
||
| 245 |
_aThe spectre of comparisons: _bnationalism, Southeast Asia, and the world/ _cBenedict Anderson. |
||
| 260 |
_aManila: _bADMU Press, _cc2004. |
||
| 300 |
_axv, 374 pages; _c23 cm. |
||
| 500 | _aIncludes index. | ||
| 650 | 0 |
_99703 _aNationalism _zAsia, Southeastern |
|
| 365 |
_b474.00 _cPhp |
||
| 942 |
_2ddc _cDFIL |
||
| 999 |
_c2919 _d2919 |
||